000 00427pab a2200145 454500
008 180718b1990 xxu||||| |||| 00| 0 eng d
100 _aTyagi, D.S.
245 _aEvolution of agricultural prices policy in India
260 _c1990
300 _a15-20
362 _aApr.-Jun.
650 _aFarm Produce - Prices - Policy - India
773 _aQuarterly Economic Report of the Indian Institute of Public Opinion
909 _a8334
999 _c8334
_d8334